|
|
|
|
| LEADER |
00887nam a2200241 u 4500 |
| 001 |
10119285 |
| 003 |
upatras |
| 005 |
20210117205747.0 |
| 008 |
160301s1968 us eng |
| 040 |
|
|
|a GR-PaULI
|c GR-PaULI
|
| 041 |
0 |
|
|a eng
|
| 082 |
0 |
4 |
|a 665.85
|
| 100 |
1 |
|
|a Sittig, Marshall
|4 aut
|9 139886
|
| 245 |
1 |
0 |
|a Acetylene manufacture and derivatives 1968
|c Marshall Sittig
|
| 260 |
|
|
|a New Jersey
|b Noyes Development
|c 1968
|
| 300 |
|
|
|a 214 σ.
|c 26 εκ.
|
| 490 |
0 |
|
|a Chemical Process Review
|v 22
|
| 650 |
|
4 |
|a Ασετυλίνη
|9 149183
|
| 760 |
1 |
|
|a Chemical process review
|g 22
|
| 852 |
|
|
|a GR-PaULI
|b ΠΑΤΡΑ
|b ΒΚΠ
|b ΒΣ1
|k ΑΣΧΞ
|h 665.85 SIT
|m 04431
|p 025000241153
|t 1
|
| 942 |
|
|
|2 ddc
|c BK15
|
| 952 |
|
|
|0 0
|1 0
|4 0
|6 665_850000000000000_SIT
|7 0
|9 189769
|a LISP
|b LISP
|c BSC
|d 2016-04-24
|i 04431
|l 0
|o 665.85 SIT
|p 025000241153
|r 2016-04-24 00:00:00
|t 1
|w 2016-04-24
|y BK15
|
| 999 |
|
|
|c 116881
|d 116881
|